000
00276nam a22001097a 4500
008
170124b xxu||||| |||| 00| 0 eng d
020
_a
9780077344726
041
_a
eng
080
_a
618.2
245
_a
CALCULATION AND ADMINISTRATION OF MEDICATIONS
_c
BOOTH, K.A
942
_2
udc
_c
BK
999
_c
3483
_d
3483